000 00415nam a22001577a 4500
005 20251108170910.0
008 250721s1987 xx 000 0 ara d
082 1 4 _aط/631/مزر
245 1 0 _aالمزرعة /
264 1 _aبيروت :
_bدار المشرق،
_c1987.
300 _a26ص : مص
490 0 _aمجموعة نبيل وزينة
650 1 7 _aالمزرعة
942 _2ddc
_cBK
999 _c51638
_d51638